Laddar...

Multinational Crime : terrorism, espionage,drug & arms trafficking /

Bibliografiska uppgifter
Huvudupphovsman: Martin,John M.
Övriga upphovsmän: Romano,Anne T. (Anne T.Romano)
Materialtyp: Printed Book
Publicerad: London: Sage, 1992.
Ämnen:
LEADER 00621cam a2200181ua 4500
082 |a 364 
100 |a Martin,John M. 
245 |a Multinational Crime :   |b terrorism, espionage,drug & arms trafficking /   |c John M.Martin .  
260 |a London:  |b Sage,  |c 1992. 
650 |a Multinational Crime 
650 |a Transnational crime 
650 |a Terrorism 
650 |a Espionage 
650 |a Drug & Arms Trafficking 
700 |a Romano,Anne T.  |q (Anne T.Romano). 
942 |c BK 
999 |c 274560  |d 274560 
952 |0 0  |1 0  |4 0  |6 364_000000000000000_MARM  |7 0  |9 292152  |a LAW  |b LAW  |d 2020-02-28  |l 0  |o 364 MAR-M  |p LAW2399  |r 2020-02-28  |t 1  |w 2020-02-28  |y BK